Margaret Atwood: Language, text and system
Guardado en:
| 格式: | 圖書 |
|---|---|
| 語言: | English |
| 出版: |
Vancouver, Canadá
University of British Columbia Press
1983
|
| 主題: | |
| 標簽: |
添加標簽
沒有標簽, 成為第一個標記此記錄!
|
MARC
| LEADER | 00000nam a2200000Ia 4500 | ||
|---|---|---|---|
| 008 | 170316s9999 xx 000 0 eng d | ||
| 040 | |a cru BVZT | ||
| 090 | |a 818 M-9.1m | ||
| 245 | |a Margaret Atwood: Language, text and system |c Sherril E. Grace, Lorraine Weir, editores | ||
| 260 | |a Vancouver, Canadá | ||
| 260 | |b University of British Columbia Press | ||
| 260 | |c 1983 | ||
| 300 | |a 158 páginas | ||
| 650 | |a LITERATURA CANADIENSE | ||
| 650 | |a EN IDIOMA INGLÉS | ||
| 650 | |a MARGARET ATWOOD | ||
| 999 | |c 6438 |d 6438 | ||
| 942 | |c LIB |h 818 M-9.1m |2 z | ||
